Siddhartha

Bibliographic Details
Main Author: Hesse, Hermann
Other Authors: Holzwarth, Hedy
Format: Book
Published: KL : ITNMB , 2007
Subjects:

MARC

LEADER 00000cam a2200000 7i4500
001 0000036466
005 20130620.0
008 130620
020 |a 9830682532 
090 0 0 |a HES   |b ENG 
100 1 |a Hesse, Hermann 
245 1 0 |a Siddhartha   |c Hermann Hesse; penterjemah Hedy Holzwarth 
260 |a KL :   |b ITNMB ,   |c 2007 
650 0 |a Buddhism   |x Fiction   |x Translations into Malay 
650 0 |a Philosophy Buddhist   |x Fiction   |x Translation into Malay 
700 1 |a Holzwarth, Hedy 
999 |a 0001027942   |b Book   |c Adult Collection   |e Perbadanan Perpustakaan Awam Johor